<?xml version="1.0" encoding="UTF-8"?><?xml-stylesheet type="text/xsl" href="static/style.xsl"?><OAI-PMH xmlns="http://www.openarchives.org/OAI/2.0/" xmlns:xsi="http://www.w3.org/2001/XMLSchema-instance" xsi:schemaLocation="http://www.openarchives.org/OAI/2.0/ http://www.openarchives.org/OAI/2.0/OAI-PMH.xsd"><responseDate>2026-04-14T03:55:36Z</responseDate><request verb="GetRecord" identifier="oai:www.recercat.cat:20.500.12694/7031" metadataPrefix="marc">https://recercat.cat/oai/request</request><GetRecord><record><header><identifier>oai:recercat.cat:20.500.12694/7031</identifier><datestamp>2025-12-18T12:09:38Z</datestamp><setSpec>com_2072_179042</setSpec><setSpec>col_2072_484474</setSpec></header><metadata><record xmlns="http://www.loc.gov/MARC21/slim" xmlns:dcterms="http://purl.org/dc/terms/" xmlns:xsi="http://www.w3.org/2001/XMLSchema-instance" xmlns:doc="http://www.lyncode.com/xoai" xsi:schemaLocation="http://www.loc.gov/MARC21/slim http://www.loc.gov/standards/marcxml/schema/MARC21slim.xsd">
   <leader>00925njm 22002777a 4500</leader>
   <datafield ind2=" " ind1=" " tag="042">
      <subfield code="a">dc</subfield>
   </datafield>
   <datafield ind2=" " ind1=" " tag="720">
      <subfield code="a">Seguí Mercadal, Joan</subfield>
      <subfield code="e">author</subfield>
   </datafield>
   <datafield ind2=" " ind1=" " tag="260">
      <subfield code="c">2018-06</subfield>
   </datafield>
   <datafield ind2=" " ind1=" " tag="520">
      <subfield code="a">El fet que els organistes no puguin tenir un instrument propi, gran i transportable fa que constantment calgui seleccionar un repertori diferent per a cada instrument. Quins elements cal tenir en compte per afrontar l’elecció del repertori per a un orgue concret en una situació concreta? L’estudi de tots aquests elements conforma aquesta guia per a organistes.</subfield>
   </datafield>
   <datafield ind2=" " ind1=" " tag="520">
      <subfield code="a">El hecho de que los organistas no puedan tener un instrumento propio, grande y transportable hace que sea necesario seleccionar un repertorio distinto para cada instrumento. ¿Qué elementos se deben tener en cuenta para afrontar la elección del repertorio de un órgano específico en una situación específica? El estudio de todos estos elementos constituye esta guía para organistas.</subfield>
   </datafield>
   <datafield ind2=" " ind1=" " tag="520">
      <subfield code="a">An organist cannot own or transport a large private organ. Therefore, an organist must constantly select different works for different instruments. Which elements should be taken into consideration before choosing the repertoire for a specific organ in a particular situation? The study of all these elements constitutes this guide for organists.</subfield>
   </datafield>
   <datafield ind1="8" ind2=" " tag="024">
      <subfield code="a">http://hdl.handle.net/20.500.12694/7031</subfield>
   </datafield>
   <datafield tag="653" ind2=" " ind1=" ">
      <subfield code="a">TFG Música clàssica i contemporània</subfield>
   </datafield>
   <datafield tag="653" ind2=" " ind1=" ">
      <subfield code="a">Orgue</subfield>
   </datafield>
   <datafield tag="653" ind2=" " ind1=" ">
      <subfield code="a">Instruments musicals</subfield>
   </datafield>
   <datafield tag="653" ind2=" " ind1=" ">
      <subfield code="a">Orgue--Construcció</subfield>
   </datafield>
   <datafield ind2="0" ind1="0" tag="245">
      <subfield code="a">Relació entre el repertori per a orgue i els instruments des del punt de vista de l'intèrpret: una guia per a afrontar l'elecció del repertori adient en cada cas</subfield>
   </datafield>
</record></metadata></record></GetRecord></OAI-PMH>